Modelovanie procesov v zdravotníctve

Uložené v:
Podrobná bibliografia
Hlavný autor: Vdovják, Roland (Autor)
Ďalší autori: Lehocki, Fedor (Vedúci práce)
Médium: Rukopis Kniha
Jazyk:Slovak
Vydavateľské údaje: 2023
Predmet:
On-line prístup:http://is.stuba.sk/zp/portal_zp.pl?podrobnosti=162767
Tagy: Pridať tag
Žiadne tagy, Buďte prvý, kto otaguje tento záznam!

MARC

LEADER 00000ntm a22000003a 4500
001 stuzp92396
003 SK-STU
005 20230909213017.6
007 ta
008 150427s2015----xo-----f-mn---000-0-slo-d
040 |a STU  |b slo 
041 0 |a slo 
100 1 |a Vdovják, Roland  |u 070200  |4 aut  |U FIIT Fakulta informatiky a informačných technológií  |T FIIT Ústav informatiky, informačných systémov a softvérového inžinierstva  |X 110912  |U I200  |Y 179  |7 110912 
242 0 1 |a Business process modeling in healthcare  |y eng 
245 1 0 |a Modelovanie procesov v zdravotníctve 
260 |c 2023 
650 4 |a Modelovanie procesov  |2 slo 
650 4 |a Medicínske procesy  |2 slo 
650 4 |a Dolovanie procesov  |2 slo 
650 4 |a Process modeling  |2 eng 
650 4 |a Healthcare processes  |2 eng 
650 4 |a Process mining  |2 eng 
700 1 |a Lehocki, Fedor  |u 070200  |k Z1  |4 ths  |U FIIT Fakulta informatiky a informačných technológií  |T FIIT Ústav informatiky, informačných systémov a softvérového inžinierstva  |X 1888  |U I200  |Y 179  |7 000001888 
856 4 |u http://is.stuba.sk/zp/portal_zp.pl?podrobnosti=162767